[Event "HUN-chT2 Erkel 2223"]
[Site "Hungary"]
[Date "2022.12.18"]
[Round "3.6"]
[White "Ruttkay, Peter"]
[Black "Torok, Adam"]
[Result "0-1"]
[WhiteElo "2001"]
[BlackElo "2040"]
[PlyCount "78"]
[EventDate "2022.11.20"]
[EventType "team-tourn"]
[EventRounds "9"]
[EventCountry "HUN"]
[SourceTitle "EXT 2025"]
[Source "ChessBase"]
[SourceDate "2024.10.14"]
[SourceVersion "1"]
[SourceVersionDate "2024.10.14"]
[SourceQuality "1"]
[WhiteTeam "GSBE"]
[BlackTeam "Vizugy"]
[WhiteTeamCountry "HUN"]
[BlackTeamCountry "HUN"]

1. g3 d5 2. Bg2 c6 3. d3 Nf6 4. Nf3 Bg4 5. h3 Bxf3 6. Bxf3 e6 7. Nc3 Be7 8. g4 d4 9. Ne4 Nxe4 10. Bxe4 Nd7 11. c4 Bb4+ 12. Bd2 Bxd2+ 13. Qxd2 0-0 14. g5 Nc5 15. Bf3 e5 16. h4 a5 17. b3 f5 18. gxf6 Qxf6 19. Qg5 Nxd3+ 20. Kd2 Qxg5+ 21. hxg5 Nxf2 22. Rh4 Rae8 23. Be4 Nxe4+ 24. Rxe4 Rf5 25. Rg1 Kf7 26. Kd3 Kg6 27. Reg4 c5 28. Ke4 Rf2 29. R1g2 Rxg2 30. Rxg2 Rf8 31. Kxe5 Rf5+ 32. Kd6 Rxg5 33. Rh2 h5 34. Kc7 Kh6 35. Kxb7 Rg6 36. a3 Re6 37. Kc7 g5 38. Rf2 g4 39. Kd7 Rb6 0-1

[Event "HUN-chT2 Breyer 1718"]
[Site "Hungary"]
[Date "2017.12.03"]
[Round "5.5"]
[White "Torok, Adam"]
[Black "Szabo, Lorinc"]
[Result "1-0"]
[WhiteElo "2045"]
[BlackElo "1983"]
[PlyCount "119"]
[EventDate "2017.09.24"]
[EventType "team-tourn"]
[EventRounds "11"]
[EventCountry "HUN"]
[SourceTitle "EXT 2021"]
[Source "ChessBase"]
[SourceDate "2020.10.23"]
[SourceVersion "1"]
[SourceVersionDate "2020.10.23"]
[SourceQuality "1"]
[WhiteTeam "Vizugy"]
[BlackTeam "Szekesfehervar"]
[WhiteTeamCountry "HUN"]
[BlackTeamCountry "HUN"]

1. c4 Nf6 2. Nc3 g6 3. g3 Bg7 4. Bg2 c5 5. d3 0-0 6. e3 Nc6 7. Nge2 d6 8. 0-0 Bd7 9. Rb1 Qc8 10. Re1 Bh3 11. Bh1 e5 12. a3 h5 13. b4 cxb4 14. axb4 h4 15. Nd5 Nxd5 16. cxd5 Ne7 17. e4 hxg3 18. hxg3 f5 19. Bg5 Bf6 20. Rc1 Qd7 21. Bxf6 Rxf6 22. Qd2 f4 23. f3 g5 24. gxf4 gxf4 25. Kf2 Ng6 26. Ng1 Qh7 27. Nxh3 Qxh3 28. Rg1 Qh2+ 29. Rg2 Qh4+ 30. Kg1 Raf8 31. Rg4 Qh3 32. Bg2 Qh7 33. Kf2 Qe7 34. Rg5 Qd8 35. Bh3 Kg7 36. Rcg1 Rh8 37. Be6 Rh2+ 38. R1g2 Rxg2+ 39. Rxg2 Qb6+ 40. Kf1 Qc7 41. Qc2 Qe7 42. Bf5 Qd8 43. d4 Kh6 44. dxe5 dxe5 45. Rh2+ Kg7 46. Qc3 Qe8 47. Qc7+ Rf7 48. Qd6 Qb5+ 49. Kg1 Qb6+ 50. Qxb6 axb6 51. Rg2 Rf6 52. Kh2 Kh6 53. Rxg6+ Rxg6 54. Bxg6 Kxg6 55. Kh3 Kg5 56. b5 Kf6 57. Kg4 Ke7 58. Kf5 Kd6 59. Kf6 Kc5 60. Ke7 1-0

[Event "HUN-chT2 Breyer 1718"]
[Site "Hungary"]
[Date "2017.09.24"]
[Round "1.6"]
[White "Rancso, Mark"]
[Black "Torok, Adam"]
[Result "1/2-1/2"]
[WhiteElo "1945"]
[BlackElo "2045"]
[PlyCount "90"]
[EventDate "2017.09.24"]
[EventType "team-tourn"]
[EventRounds "11"]
[EventCountry "HUN"]
[SourceTitle "EXT 2021"]
[Source "ChessBase"]
[SourceDate "2020.10.23"]
[SourceVersion "1"]
[SourceVersionDate "2020.10.23"]
[SourceQuality "1"]
[WhiteTeam "Esztergom"]
[BlackTeam "Vizugy"]
[WhiteTeamCountry "HUN"]
[BlackTeamCountry "HUN"]

1. Nf3 d5 2. d4 Nf6 3. c4 e6 4. Nc3 c6 5. e3 Nbd7 6. Bd3 dxc4 7. Bxc4 b5 8. Bd3 Bb7 9. 0-0 b4 10. Ne4 Nxe4 11. Bxe4 Nf6 12. Bd3 Be7 13. Qa4 0-0 14. Ba6 Bxa6 15. Qxa6 c5 16. dxc5 Bxc5 17. Bd2 Ne4 18. Rfd1 Nxd2 19. Rxd2 Qf6 20. Rc1 Bb6 21. Rc4 Qf5 22. e4 Qa5 23. Qxa5 Bxa5 24. Rdc2 Rfd8 25. g3 Kf8 26. Ne5 b3 27. axb3 Bb6 28. Nc6 Rd1+ 29. Kg2 Ke8 30. b4 f6 31. Na5 Kd7 32. Nb3 Ke7 33. Nc5 Rad8 34. Na4 R1d2 35. Nxb6 Rxc2 36. Rxc2 axb6 37. b5 Rd6 38. Rc7+ Rd7 39. Rc6 Rd6 40. b4 Kd7 41. Rxd6+ Kxd6 42. Kf3 g5 43. h4 h5 44. Ke3 gxh4 45. gxh4 e5 1/2-1/2

[Event "HUN-chT2 Breyer 1617"]
[Site "Hungary"]
[Date "2016.11.27"]
[Round "3.5"]
[White "Rosta, Sandor"]
[Black "Torok, Adam"]
[Result "1/2-1/2"]
[WhiteElo "2037"]
[BlackElo "2054"]
[PlyCount "28"]
[EventDate "2016.10.30"]
[EventType "team-tourn"]
[EventRounds "9"]
[EventCountry "HUN"]
[SourceTitle "EXT 2021"]
[Source "ChessBase"]
[SourceDate "2020.10.23"]
[SourceVersion "1"]
[SourceVersionDate "2020.10.23"]
[SourceQuality "1"]
[WhiteTeam "Torokbalint"]
[BlackTeam "Vizugy"]
[WhiteTeamCountry "HUN"]
[BlackTeamCountry "HUN"]

1. e4 c6 2. d4 d5 3. Nc3 dxe4 4. Nxe4 Nf6 5. Nxf6+ gxf6 6. Be3 Bf5 7. Bd3 Bxd3 8. Qxd3 Qa5+ 9. c3 Nd7 10. Nf3 e6 11. Nd2 0-0-0 12. a4 Qd5 13. f3 a5 14. Qe4 f5 1/2-1/2

[Event "HUN-chT2 Breyer 1516"]
[Site "Hungary"]
[Date "2015.10.18"]
[Round "3.4"]
[White "Polyik, Peter"]
[Black "Torok, Adam"]
[Result "1-0"]
[WhiteElo "2178"]
[BlackElo "2081"]
[PlyCount "55"]
[EventDate "2015.09.13"]
[EventType "team-tourn"]
[EventRounds "11"]
[EventCountry "HUN"]
[SourceTitle "CBM 170 Extra"]
[Source "ChessBase"]
[SourceDate "2016.02.25"]
[SourceVersion "1"]
[SourceVersionDate "2016.02.25"]
[SourceQuality "1"]
[WhiteTeam "Kobanya Aquarena"]
[BlackTeam "Vizugy"]
[WhiteTeamCountry "HUN"]
[BlackTeamCountry "HUN"]

1. d4 d5 2. c4 e6 3. Nc3 Nf6 4. Nf3 Bb4 5. Bg5 Nbd7 6. cxd5 exd5 7. e3 c6 8. Bd3 Qa5 9. Qc2 0-0 10. 0-0 h6 11. Bh4 Bxc3 12. bxc3 Re8 13. Nd2 Qc7 14. c4 dxc4 15. Nxc4 Nd5 16. Bg3 Qd8 17. Nd6 Rf8 18. Rab1 N7b6 19. e4 Nf6 20. a4 Nh5 21. e5 Nxg3 22. fxg3 Be6 23. Rf4 g5 24. Rf6 Kg7 25. Bg6 Nd7 26. Bxf7 Nxf6 27. Qg6+ Kh8 28. exf6 1-0

[Event "HUN-chT2 Erkel 1314"]
[Site "Hungary"]
[Date "2014.02.16"]
[Round "7.3"]
[White "Torok, Adam"]
[Black "Gombocz, Zsolt"]
[Result "1-0"]
[WhiteElo "2110"]
[BlackElo "2062"]
[PlyCount "73"]
[EventDate "2013.09.08"]
[EventType "team-tourn"]
[EventRounds "11"]
[EventCountry "HUN"]
[SourceTitle "EXT 2016"]
[Source "ChessBase"]
[SourceDate "2015.10.08"]
[SourceVersion "1"]
[SourceVersionDate "2015.10.08"]
[SourceQuality "1"]
[WhiteTeam "Vizugy"]
[BlackTeam "Budapest MAFC"]
[WhiteTeamCountry "HUN"]
[BlackTeamCountry "HUN"]

1. c4 Nf6 2. Nc3 e6 3. g3 d5 4. d4 c6 5. Nf3 Bb4 6. Qc2 h6 7. Bg2 0-0 8. 0-0 Nbd7 9. b3 b6 10. Bb2 Bb7 11. Rad1 Rc8 12. a3 Bxc3 13. Bxc3 Ne4 14. Nd2 f5 15. Nxe4 fxe4 16. f3 Qe7 17. fxe4 Nf6 18. e5 Nh7 19. Rxf8+ Nxf8 20. a4 c5 21. Qd2 cxd4 22. Bb4 Qf7 23. Rf1 Qh5 24. Rxf8+ Rxf8 25. Bxf8 Kxf8 26. Qxd4 Qxe2 27. Qf2+ Qxf2+ 28. Kxf2 Ke7 29. Ke3 a6 30. Kd4 b5 31. axb5 axb5 32. cxd5 exd5 33. Bxd5 Bc8 34. b4 Bh3 35. Bc6 Bf1 36. Kc5 Ke6 37. Bxb5 1-0

[Event "HUN-chT2 Erkel 1213"]
[Site "Hungary"]
[Date "2013.03.03"]
[Round "8.3"]
[White "Fordan, Tibor"]
[Black "Torok, Adam"]
[Result "1/2-1/2"]
[WhiteElo "2223"]
[BlackElo "2124"]
[PlyCount "80"]
[EventDate "2012.09.16"]
[EventType "team-tourn"]
[EventRounds "11"]
[EventCountry "HUN"]
[SourceTitle "EXT 2014"]
[Source "ChessBase"]
[SourceDate "2013.11.20"]
[SourceVersion "1"]
[SourceVersionDate "2013.11.20"]
[SourceQuality "1"]
[WhiteTeam "BEAC II"]
[BlackTeam "Vizugy"]
[WhiteTeamCountry "HUN"]
[BlackTeamCountry "HUN"]

1. d4 d5 2. c4 e6 3. Nc3 c6 4. cxd5 exd5 5. Nf3 Nf6 6. Bg5 Bf5 7. Qb3 Qb6 8. Bxf6 Qxb3 9. axb3 gxf6 10. e3 Bb4 11. Kd2 0-0 12. Nh4 Be6 13. Bd3 a5 14. g4 c5 15. Nf3 Nc6 16. Rhg1 cxd4 17. exd4 Kh8 18. h3 Bd6 19. Ne2 Nb4 20. Bb5 Rac8 21. Rac1 Rxc1 22. Rxc1 f5 23. g5 f4 24. Ne5 Bxh3 25. Nxf4 Bf5 26. Nfd3 Nxd3 27. Bxd3 Bxd3 28. Kxd3 Kg7 29. Rh1 Re8 30. f4 Re6 31. f5 Rxe5 32. dxe5 Bxe5 33. Re1 f6 34. Re2 Kf7 35. Rg2 fxg5 36. Rxg5 Bxb2 37. Rh5 Kg7 38. f6+ Bxf6 39. Rxd5 b6 40. Kc4 Be7 1/2-1/2

[Event "HUN-chT2 Erkel 1213"]
[Site "Hungary"]
[Date "2012.11.18"]
[Round "4.3"]
[White "Torok, Adam"]
[Black "Bencze, Laszlo"]
[Result "1/2-1/2"]
[WhiteElo "2124"]
[BlackElo "2200"]
[PlyCount "41"]
[EventDate "2012.09.16"]
[EventType "team-tourn"]
[EventRounds "11"]
[EventCountry "HUN"]
[SourceTitle "EXT 2014"]
[Source "ChessBase"]
[SourceDate "2013.11.20"]
[SourceVersion "1"]
[SourceVersionDate "2013.11.20"]
[SourceQuality "1"]
[WhiteTeam "Vizugy"]
[BlackTeam "Dunaharaszti"]
[WhiteTeamCountry "HUN"]
[BlackTeamCountry "HUN"]

1. d4 Nf6 2. c4 g6 3. Nc3 Bg7 4. e4 d6 5. f4 0-0 6. Be2 c5 7. d5 e6 8. Nf3 exd5 9. exd5 Re8 10. 0-0 Ng4 11. Bd3 Na6 12. a3 Nc7 13. Qc2 f5 14. Bd2 Ne3 15. Bxe3 Rxe3 16. Rae1 Rxe1 17. Rxe1 Bd7 18. Ng5 Qf6 19. Nf3 Rb8 20. Qd2 Re8 21. Rxe8+ 1/2-1/2

[Event "HUN-chT2 Erkel 1213"]
[Site "Hungary"]
[Date "2012.09.16"]
[Round "1.3"]
[White "Radnai, Adam"]
[Black "Torok, Adam"]
[Result "1-0"]
[WhiteElo "2274"]
[BlackElo "2124"]
[PlyCount "61"]
[EventDate "2012.09.16"]
[EventType "team-tourn"]
[EventRounds "11"]
[EventCountry "HUN"]
[SourceTitle "EXT 2014"]
[Source "ChessBase"]
[SourceDate "2013.11.20"]
[SourceVersion "1"]
[SourceVersionDate "2013.11.20"]
[SourceQuality "1"]
[WhiteTeam "Szigetszentmiklos"]
[BlackTeam "Vizugy"]
[WhiteTeamCountry "HUN"]
[BlackTeamCountry "HUN"]

1. Nf3 d5 2. g3 c6 3. Bg2 Bf5 4. d3 Nf6 5. Nh4 Bg4 6. h3 Bd7 7. e4 dxe4 8. dxe4 e5 9. Be3 Be7 10. Nd2 0-0 11. Nc4 Ne8 12. Nf5 Bxf5 13. Qxd8 Bxd8 14. exf5 f6 15. 0-0-0 Bc7 16. b4 Bb6 17. Nxb6 axb6 18. Bxb6 Rxa2 19. Bc5 Na6 20. Bxf8 Kxf8 21. Kb1 Nxb4 22. Be4 Ra5 23. Kb2 Nd5 24. c4 Nb6 25. Kb3 Nc8 26. Rd7 Ncd6 27. f3 Rc5 28. Bd3 Ra5 29. Rd1 Rc5 30. g4 b5 31. Kb4 1-0

[Event "HUN-chT2 Erkel 1112"]
[Site "Hungary"]
[Date "2011.11.13"]
[Round "3.3"]
[White "Torok, Adam"]
[Black "Martini, Balazs"]
[Result "0-1"]
[WhiteElo "2143"]
[BlackElo "2314"]
[PlyCount "52"]
[EventDate "2011.09.25"]
[EventType "team-tourn"]
[EventRounds "11"]
[EventCountry "HUN"]
[SourceTitle "EXT 2013"]
[Source "ChessBase"]
[SourceDate "2012.11.22"]
[SourceVersion "1"]
[SourceVersionDate "2012.11.22"]
[SourceQuality "1"]
[WhiteTeam "Vizugy"]
[BlackTeam "Szigetszentmiklos"]
[WhiteTeamCountry "HUN"]
[BlackTeamCountry "HUN"]

1. e4 c5 2. Nf3 Nc6 3. Bb5 Nf6 4. e5 Nd5 5. Nc3 Nc7 6. a4 d5 7. h3 Bf5 8. d3 e6 9. 0-0 Be7 10. Qe2 Qd7 11. Bxc6 Qxc6 12. Bg5 Bxg5 13. Nxg5 h6 14. Nf3 g5 15. g4 Bg6 16. d4 c4 17. Rfb1 0-0-0 18. Nb5 Kb8 19. Nd6 Ne8 20. b4 Nxd6 21. b5 Qd7 22. exd6 f6 23. a5 Qxd6 24. a6 b6 25. Re1 Rde8 26. Rac1 h5 0-1

[Event "HUN-chT2 Erkel 0910"]
[Site "Hungary"]
[Date "2010.04.18"]
[Round "10.3"]
[White "Koczo, Kristof"]
[Black "Torok, Adam"]
[Result "1/2-1/2"]
[WhiteElo "2200"]
[BlackElo "2119"]
[PlyCount "120"]
[EventDate "2009.11.08"]
[EventType "team-tourn"]
[EventRounds "11"]
[EventCountry "HUN"]
[SourceTitle "EXT 2011"]
[Source "ChessBase"]
[SourceDate "2010.11.26"]
[SourceVersion "1"]
[SourceVersionDate "2010.11.26"]
[SourceQuality "1"]
[WhiteTeam "Budapest MTK"]
[BlackTeam "Vizugy"]
[WhiteTeamCountry "HUN"]
[BlackTeamCountry "HUN"]

1. d4 d5 2. c4 e6 3. Nc3 Nf6 4. cxd5 exd5 5. Bg5 c6 6. e3 Bf5 7. Qf3 Bg6 8. Bxf6 gxf6 9. h4 h6 10. h5 Bh7 11. 0-0-0 Bb4 12. Bd3 Bxc3 13. bxc3 Bxd3 14. Rxd3 Nd7 15. Ne2 Qa5 16. Rd2 0-0-0 17. Kb1 Nb6 18. Ka1 Nc4 19. Rc2 Rd6 20. Nc1 Na3 21. Rb2 Qxc3 22. Qf5+ Kc7 23. Ne2 Qa5 24. Rc1 b5 25. Nf4 Nc4 26. Rbc2 Kb8 27. e4 Nd2 28. Qh3 dxe4 29. d5 Nc4 30. Qg3 Rhd8 31. dxc6 Qc7 32. Qb3 Ka8 33. Qxb5 Na3 34. Qb7+ Qxb7 35. cxb7+ Kxb7 36. Rc7+ Kb6 37. Rxf7 R8d7 38. Rxd7 Rxd7 39. Kb2 Nb5 40. Rc2 Rd4 41. a3 Nd6 42. Kc1 a5 43. Rd2 Rxd2 44. Kxd2 Nc4+ 45. Kc3 Kc5 46. Ne6+ Kd5 47. Nc7+ Kc5 48. Ne8 e3 49. fxe3 Nxe3 50. g3 f5 51. Ng7 Kd5 52. Kd3 Nc4 53. Nxf5 Nxa3 54. Nxh6 Ke6 55. g4 Kf6 56. Nf5 Nb5 57. h6 Kg6 58. g5 Nc7 59. Nh4+ Kh7 60. Nf3 Ne6 1/2-1/2

[Event "HUN-chT2 Breyer 0809"]
[Site "Hungary"]
[Date "2009.04.05"]
[Round "10"]
[White "Nemeth, Maria"]
[Black "Torok, Adam"]
[Result "1-0"]
[WhiteElo "2072"]
[BlackElo "2135"]
[PlyCount "75"]
[EventDate "2008.10.26"]
[EventType "tourn"]
[EventRounds "11"]
[EventCountry "HUN"]
[SourceTitle "EXT 2010"]
[Source "ChessBase"]
[SourceDate "2010.11.25"]
[SourceVersion "1"]
[SourceVersionDate "2010.11.25"]
[SourceQuality "1"]
[WhiteTeam "Zsambek"]
[BlackTeam "Vizugy"]
[WhiteTeamCountry "HUN"]
[BlackTeamCountry "HUN"]

1. d4 Nf6 2. c4 e6 3. Nf3 Bb4+ 4. Bd2 a5 5. g3 0-0 6. Bg2 d5 7. 0-0 Nc6 8. Bg5 h6 9. Bxf6 Qxf6 10. a3 Be7 11. Nc3 Rd8 12. Nb5 dxc4 13. e4 Rd7 14. Rc1 Na7 15. Nxa7 Rxa7 16. Rxc4 b6 17. Ne5 Qxe5 18. dxe5 Rxd1 19. Rxd1 Ba6 20. Rcd4 Bb5 21. Bf1 Bc6 22. a4 Bc5 23. Rd8+ Kh7 24. Bb5 Bxb5 25. axb5 a4 26. R8d7 Kg6 27. h4 h5 28. Kg2 a3 29. bxa3 Rxa3 30. R1d2 Ra7 31. Rc2 Rb7 32. Ra2 f6 33. exf6 Kxf6 34. f4 e5 35. f5 g6 36. fxg6 Kxg6 37. Ra8 Bd6 38. Kf3 1-0

[Event "HUN-chT2 Charousek 0708"]
[Site "Hungary"]
[Date "2008.04.27"]
[Round "10"]
[White "Krutti, Valer"]
[Black "Torok, Adam"]
[Result "1-0"]
[WhiteElo "2412"]
[BlackElo "2159"]
[PlyCount "89"]
[EventDate "2007.10.14"]
[EventType "team-tourn"]
[EventRounds "11"]
[EventCountry "HUN"]
[SourceTitle "EXT 2009"]
[Source "ChessBase"]
[SourceDate "2008.11.26"]
[SourceVersion "1"]
[SourceVersionDate "2008.11.26"]
[SourceQuality "1"]
[WhiteTeam "Nagykanizsa II"]
[BlackTeam "Vizugy"]
[WhiteTeamCountry "HUN"]
[BlackTeamCountry "HUN"]

1. c4 g6 2. e4 Bg7 3. d4 d6 4. Nc3 e5 5. d5 Ne7 6. Be3 0-0 7. f3 f5 8. Qd2 f4 9. Bf2 g5 10. c5 a6 11. Bc4 Kh8 12. g4 b5 13. Bb3 Nd7 14. c6 Nf6 15. h4 Ng6 16. hxg5 Ne8 17. Nh3 Kg8 18. 0-0-0 b4 19. Na4 a5 20. Bc4 Ba6 21. Bxa6 Rxa6 22. Qd3 Ra8 23. b3 Rf7 24. Qb5 Bf8 25. Nb2 Be7 26. Qb7 Rb8 27. Ba7 Ra8 28. Nc4 Nh4 29. Rd3 Ng2 30. Nxa5 Ne3 31. Nc4 Nxc4 32. bxc4 Rg7 33. Rb3 Bxg5 34. Nxg5 Rxg5 35. Rxb4 h5 36. gxh5 Kh7 37. a4 Kh6 38. Rb3 Rg2 39. a5 Nf6 40. a6 Qg8 41. Kb1 Rf8 42. Qxc7 Ne8 43. Qb6 Rf7 44. Bb8 Rfg7 45. a7 1-0

[Event "HUN-chT2 Charousek 0708"]
[Site "Hungary"]
[Date "2007.11.25"]
[Round "3"]
[White "Torok, Adam"]
[Black "Dobos, Jozsef"]
[Result "0-1"]
[WhiteElo "2159"]
[BlackElo "2307"]
[PlyCount "104"]
[EventDate "2007.10.14"]
[EventType "team-tourn"]
[EventRounds "11"]
[EventCountry "HUN"]
[SourceTitle "EXT 2009"]
[Source "ChessBase"]
[SourceDate "2008.11.26"]
[SourceVersion "1"]
[SourceVersionDate "2008.11.26"]
[SourceQuality "1"]
[WhiteTeam "Vizugy"]
[BlackTeam "Csuti II"]
[WhiteTeamCountry "HUN"]
[BlackTeamCountry "HUN"]

1. d4 g6 2. c4 Bg7 3. Nc3 c5 4. d5 Bxc3+ 5. bxc3 f5 6. h4 Nf6 7. h5 Rg8 8. hxg6 hxg6 9. f3 Qa5 10. Qc2 d6 11. Rb1 Nbd7 12. Rb5 Qc7 13. e4 fxe4 14. fxe4 Ne5 15. Nf3 Bd7 16. Rb2 0-0-0 17. Nxe5 dxe5 18. Bg5 Rh8 19. Rxh8 Rxh8 20. g3 Rh5 21. Bxf6 exf6 22. Qf2 f5 23. g4 fxg4 24. Qf8+ Qd8 25. Qxc5+ Kb8 26. Qd6+ Ka8 27. Rf2 Rh8 28. Qf6 Qc8 29. Qxe5 Re8 30. Qd4 Qc7 31. d6 Qa5 32. Re2 Qg5 33. Qe3 Qh4+ 34. Kd2 Qf6 35. Bg2 Qxd6+ 36. Qd4 Qf4+ 37. Kc2 Bc6 38. Rd2 a6 39. Re2 g3 40. Kb2 g5 41. a3 Rf8 42. Kb1 Qg4 43. Qe3 Rd8 44. Kc2 Qf4 45. Kb3 Rd1 46. Qxf4 gxf4 47. Kc2 Rg1 48. Kd3 Bd7 49. Bf3 Rf1 50. Bg2 Rd1+ 51. Kc2 Ba4+ 52. Kb2 Rd3 0-1